000
00238nam a2200121Ia 4500
100
_a
#N/A
650
_a
ELECTRONICS
942
_c
BK
654
_a
gsm
245
_a
Principles and Application of GSM
260
_b
#N/A
546
_a
ENGLISH
999
_c
31569
_d
31569